<?xml version="1.0" encoding="UTF-8"?><?xml-stylesheet type="text/xsl" href="static/style.xsl"?><OAI-PMH xmlns="http://www.openarchives.org/OAI/2.0/" xmlns:xsi="http://www.w3.org/2001/XMLSchema-instance" xsi:schemaLocation="http://www.openarchives.org/OAI/2.0/ http://www.openarchives.org/OAI/2.0/OAI-PMH.xsd"><responseDate>2026-04-17T11:43:12Z</responseDate><request verb="GetRecord" identifier="oai:www.recercat.cat:2117/335396" metadataPrefix="marc">https://recercat.cat/oai/request</request><GetRecord><record><header><identifier>oai:recercat.cat:2117/335396</identifier><datestamp>2025-07-17T05:31:39Z</datestamp><setSpec>com_2072_1033</setSpec><setSpec>col_2072_452950</setSpec></header><metadata><record xmlns="http://www.loc.gov/MARC21/slim" xmlns:dcterms="http://purl.org/dc/terms/" xmlns:xsi="http://www.w3.org/2001/XMLSchema-instance" xmlns:doc="http://www.lyncode.com/xoai" xsi:schemaLocation="http://www.loc.gov/MARC21/slim http://www.loc.gov/standards/marcxml/schema/MARC21slim.xsd">
   <leader>00925njm 22002777a 4500</leader>
   <datafield ind2=" " ind1=" " tag="042">
      <subfield code="a">dc</subfield>
   </datafield>
   <datafield ind2=" " ind1=" " tag="720">
      <subfield code="a">Álvarez Montaner, Josep</subfield>
      <subfield code="e">author</subfield>
   </datafield>
   <datafield ind2=" " ind1=" " tag="260">
      <subfield code="c">2000</subfield>
   </datafield>
   <datafield ind2=" " ind1=" " tag="520">
      <subfield code="a">We study, by using the theory of algebraic D-modules, the local cohomology modules supported on a monomial ideal I of the polynomial ring R = k[x1, . . . , xn], where k is a field of characteristic zero. We compute the characteristic cycle of Hr I (R) and H p P(Hr I (R)), where P is an homogeneous prime ideal of R. By using these results we can describe the support of these modules, in particular we can decide when the local cohomology module Hr I (R) vanishes in terms of the minimal primary decomposition of the monomial ideal I, compute the Bass numbers of Hr I (R) and describe its associated primes. The characteristic cycles also give some invariants of the ring R/I. We use these invariants to compute the Hilbert function of R/I, the minimal free resolutions of squarefree monomial ideals and the cohomology groups of the complement of an arrangement of linear varieties given by the monomial ideal I. Finally, we determine the local cohomology modules by using the category introduced by Galligo-GrangerMaisonobe [3] and compute its Hilbert function.</subfield>
   </datafield>
   <datafield ind2=" " ind1=" " tag="520">
      <subfield code="a">Postprint (author's final draft)</subfield>
   </datafield>
   <datafield tag="653" ind2=" " ind1=" ">
      <subfield code="a">Àrees temàtiques de la UPC::Matemàtiques i estadística</subfield>
   </datafield>
   <datafield tag="653" ind2=" " ind1=" ">
      <subfield code="a">Àrees temàtiques de la UPC::Matemàtiques i estadística::Àlgebra</subfield>
   </datafield>
   <datafield tag="653" ind2=" " ind1=" ">
      <subfield code="a">Algebra, Abstract</subfield>
   </datafield>
   <datafield tag="653" ind2=" " ind1=" ">
      <subfield code="a">Algebra</subfield>
   </datafield>
   <datafield tag="653" ind2=" " ind1=" ">
      <subfield code="a">Àlgebra</subfield>
   </datafield>
   <datafield tag="653" ind2=" " ind1=" ">
      <subfield code="a">Àlgebra abstracta</subfield>
   </datafield>
   <datafield ind2="0" ind1="0" tag="245">
      <subfield code="a">Cohomología local con soporte un ideal monomial (D-módulos y combinatoria)</subfield>
   </datafield>
</record></metadata></record></GetRecord></OAI-PMH>